| 000 | 00594nam a22002057a 4500 | ||
|---|---|---|---|
| 003 | OSt | ||
| 005 | 20140310181754.0 | ||
| 008 | 130628t xxu||||| |||| 00| 0 eng d | ||
| 020 | _a9719128801 | ||
| 050 |
_aN 7327 _b.Ar784 1992 |
||
| 082 |
_aFIL 709.599 _bAr7 1992 |
||
| 245 |
_aArt Philippines / _cBenesa Leo (et., al.). |
||
| 260 |
_aPasig, Philippines : _bThe Crucible workshop, _cc1992. |
||
| 300 |
_a384 p. : _bill. col. ; _c34 cm. |
||
| 562 | _e1 | ||
| 650 |
_v1. Arts--History _xPhilippines. |
||
| 650 |
_a2. Art appreciation _vPhilippines. |
||
| 942 |
_2lcc _cBK |
||
| 999 |
_c3358 _d3358 |
||